| 000 -LEADER |
| fixed length control field |
00507nam a22001577a 4500 |
| 005 - DATE AND TIME OF LATEST TRANSACTION |
| control field |
20231009173143.0 |
| 008 - FIXED-LENGTH DATA ELEMENTS--GENERAL INFORMATION |
| fixed length control field |
231009s1966 fr ||||| |||| 00| 0 fre d |
| 041 ## - LANGUAGE CODE |
| Language code of text/sound track or separate title |
fre |
| 080 ## - UNIVERSAL DECIMAL CLASSIFICATION NUMBER |
| Universal Decimal Classification number |
069 H-13 |
| 100 ## - MAIN ENTRY--PERSONAL NAME |
| Personal name |
Hak, Abdul Sélim |
| 9 (RLIN) |
20044 |
| 245 ## - TITLE STATEMENT |
| Title |
Les Trésors du Musée National de Damas / |
| Statement of responsibility, etc. |
Abdul Hak Sélim. |
| 264 ## - PRODUCTION, PUBLICATION, DISTRIBUTION, MANUFACTURE, AND COPYRIGHT NOTICE |
| Place of production, publication, distribution, manufacture |
|
| Date of production, publication, distribution, manufacture, or copyright notice |
1966. |
| 300 ## - PHYSICAL DESCRIPTION |
| Extent |
40 p.; |
| Other physical details |
ill.: |
| Dimensions |
22 cm. |
| 653 ## - INDEX TERM--UNCONTROLLED |
| keyword |
დამასკოს ეროვნული მუზეუმის საგანძური |
| 942 ## - ADDED ENTRY ELEMENTS (KOHA) |
| Source of classification or shelving scheme |
|
| Koha item type |
წიგნი |